[Event "Bayernliga U20 1516"]
[Site "Bayern"]
[Date "2016.02.27"]
[Round "6.5"]
[White "Buzatu, Alexander"]
[Black "Grunert, Friedrich"]
[Result "1/2-1/2"]
[WhiteElo "1723"]
[BlackElo "1672"]
[PlyCount "79"]
[EventDate "2015.11.21"]
[EventType "team-tourn"]
[EventRounds "7"]
[EventCountry "GER"]
[SourceTitle "EXT 2022"]
[Source "ChessBase"]
[SourceDate "2021.10.06"]
[SourceVersion "1"]
[SourceVersionDate "2021.10.06"]
[SourceQuality "1"]
[WhiteTeam "Erlangen SC U20"]
[BlackTeam "Muenchen Suedost SK U20"]
[WhiteTeamCountry "GER"]
[BlackTeamCountry "GER"]

1. e4 e6 2. d4 d5 3. exd5 exd5 4. Bd3 Bd6 5. Nf3 Ne7 6. 0-0 0-0 7. Bd2 Bf5 8. Bxf5 Nxf5 9. c3 c6 10. Re1 Nd7 11. Be3 Nf6 12. Nbd2 Ng4 13. Nf1 Qc7 14. h3 Nfxe3 15. Nxe3 Nf6 16. Nf5 Rfe8 17. Nxd6 Qxd6 18. Ne5 Ne4 19. Qf3 f6 20. Nc4 Qc7 21. Ne3 Re6 22. Qd1 Rae8 23. Rc1 Qf4 24. Qe2 Nd6 25. Qf1 Ne4 26. Nc2 b6 27. Rcd1 f5 28. Re3 Rg6 29. f3 Nf6 30. Rxe8+ Nxe8 31. Qe2 Nd6 32. Rf1 Qh6 33. Kf2 Qh4+ 34. Kg1 Qxh3 35. Rf2 Qh6 36. Qe7 Re6 37. Qd8+ Re8 38. Qd7 Qc1+ 39. Rf1 Qxc2 40. Qxd6 1/2-1/2

[Event "Bayernliga U20 1516"]
[Site "Bayern"]
[Date "2016.02.27"]
[Round "7.5"]
[White "Koehler, Dominik"]
[Black "Grunert, Friedrich"]
[Result "1-0"]
[WhiteElo "1728"]
[BlackElo "1672"]
[PlyCount "85"]
[EventDate "2015.11.21"]
[EventType "team-tourn"]
[EventRounds "7"]
[EventCountry "GER"]
[SourceTitle "EXT 2022"]
[Source "ChessBase"]
[SourceDate "2021.10.06"]
[SourceVersion "1"]
[SourceVersionDate "2021.10.06"]
[SourceQuality "1"]
[WhiteTeam "Forchheim SC U20"]
[BlackTeam "Muenchen Suedost SK U20"]
[WhiteTeamCountry "GER"]
[BlackTeamCountry "GER"]

1. e4 e6 2. Nf3 d5 3. exd5 exd5 4. d4 c5 5. Be3 c4 6. c3 Bd6 7. Nbd2 Ne7 8. b3 b5 9. a4 a6 10. axb5 cxb3 11. Qxb3 0-0 12. b6 Re8 13. b7 Ra7 14. bxc8R Qxc8 15. c4 Rb7 16. Qa2 Nf5 17. c5 Bf4 18. Bxa6 Nxa6 19. Qxa6 Nxe3 20. fxe3 Bxe3 21. Kd1 Qb8 22. Re1 h6 23. Qd3 Rbe7 24. Rb1 Qa7 25. Qb3 g5 26. Qxd5 Qa5 27. Rxe3 Rxe3 28. Ne5 Qa4+ 29. Nb3 Rf8 30. Kd2 Qa2+ 31. Kxe3 Qxb1 32. c6 Qe1+ 33. Kd3 Qb1+ 34. Kc4 Qf1+ 35. Kc5 Rb8 36. c7 Rb5+ 37. Kc6 Rxd5 38. c8Q+ Kg7 39. Kxd5 Qxg2+ 40. Kd6 Qb2 41. Qc4 Qa3+ 42. Nc5 Qa7 43. Qxf7+ 1-0